| 000 | 01052cam a2200313 a 4500 | ||
|---|---|---|---|
| 001 | 12688045 | ||
| 003 | GBCCL | ||
| 005 | 20241126110351.0 | ||
| 008 | 020227s2002 miu bd 000 0 eng d | ||
| 010 | _a 2002265776 | ||
| 020 | _a0802823181 | ||
| 035 | _a(DLC) 2002265776 | ||
| 035 | _a(DLC)4035 | ||
| 035 | _a(OCoLC)ocm48968009 | ||
| 040 |
_aKAT _cKAT _dDLC |
||
| 042 | _alccopycat | ||
| 050 | 0 | 0 |
_aBV4005.5 _b.N49 2002 |
| 082 | 0 | 0 |
_a253.03 _221 _bNEW |
| 245 | 0 | 4 |
_aThe new dictionary of pastoral studies / _cedited by Wesley Carr. |
| 260 |
_aGrand Rapids, Mich. : _bWilliam B. Eerdmans, _c2002. |
||
| 300 |
_axviii, 414 p. ; _c24 cm. |
||
| 500 | _aPublished simultaneously in Great Britain by SPCK. | ||
| 504 | _aIncludes bibliographical references (p. [403]-414). | ||
| 650 | 0 |
_aPastoral theology _vDictionaries. _91726 |
|
| 700 | 1 |
_aCarr, Wesley. _91727 |
|
| 906 |
_a7 _bcbc _ccopycat _d2 _encip _f20 _gy-gencatlg |
||
| 942 |
_2ddc _cREF |
||
| 999 |
_c1017 _d1017 |
||